[Event "ODJM C 2018"]
[Site "Willingen GER"]
[Date "2018.05.26"]
[Round "9"]
[White "Grunert, Heinrich"]
[Black "Foos, Vanessa"]
[Result "1/2-1/2"]
[Termination "normal"]
[Board "25"]
[WhiteElo "1212"]
[BlackElo "1171"]
[PlyCount "108"]
[WhiteFideId "16213416"]
[BlackFideId "16245270"]
[EventCountry "GER"]
[EventRounds "9"]
[EventType "swiss"]
[EventDate "2018.05.19"]

1. e4 e5 2. Nf3 Nc6 3. Bc4 Bc5 4. c3 Nf6 5. d4 exd4 6. cxd4 Bb4+ 7. Bd2 Bxd2+
8. Nbxd2 d5 9. Bd3 Bg4 10. e5 Nd7 11. h3 Bh5 12. Qb3 Nb6 13. O-O O-O 14. Qc2
Nb4 15. Qc3 Nxd3 16. Qxd3 Bg6 17. Qc3 Qe7 18. Rfe1 Rac8 19. Nb3 Na4 20. Qc1 c5
21. dxc5 Nxc5 22. Nxc5 Rxc5 23. Qe3 b6 24. e6 Be4 25. exf7+ Qxf7 26. Qa3 Bxf3
27. gxf3 Qxf3 28. Qxf3 Rxf3 29. Kg2 Rf6 30. b4 Rb5 31. a3 d4 32. Rad1 Rg5+ 33.
Kf1 Rgf5 34. Re2 Rd6 35. Re8+ Kf7 36. Ra8 Rf3 37. Rxa7+ Kg6 38. Kg2 Rdf6 39.
Rd2 Kh6 40. Rd7 Rxa3 41. R7xd4 Rg6+ 42. Kh2 Ra1 43. f3 Rgg1 44. Rg2 Rxg2+ 45.
Kxg2 Ra2+ 46. Kg3 Rb2 47. Rd6+ Kg5 48. Rxb6 h5 49. h4+ Kf5 50. Rb5+ Kg6 51.
Rg5+ Kh6 52. b5 Rb1 53. Kf4 Rb4+ 54. Kg3 g6 1/2-1/2

[Event "ODJM C 2018"]
[Site "Willingen GER"]
[Date "2018.05.26"]
[Round "9"]
[White "Jagodzinsky, Lukas"]
[Black "Ahrens, Merle"]
[Result "0-1"]
[Termination "normal"]
[Board "26"]
[WhiteElo "840"]
[BlackElo "1008"]
[PlyCount "88"]
[WhiteFideId "16233255"]
[BlackFideId "16266200"]
[EventCountry "GER"]
[EventRounds "9"]
[EventType "swiss"]
[EventDate "2018.05.19"]

1. e4 d5 2. exd5 Qxd5 3. Nc3 Qa5 4. Bc4 Nf6 5. Qf3 c6 6. Ne4 Qe5 7. Bd3 Be6 8.
Ne2 Bd5 9. N2g3 Nbd7 10. O-O e6 11. b3 Qxa1 12. c4 Bxe4 13. Nxe4 Nxe4 14. Qxe4
Qxa2 15. Qf4 Rc8 16. b4 Qb3 17. Qd4 b6 18. Bb2 Qxb4 19. Bc3 Qd6 20. Qe4 Be7 21.
Qd4 Qxd4 22. Bxd4 Bf6 23. Bxf6 Nxf6 24. Ra1 a5 25. Rb1 Rb8 26. c5 Nd7 27. cxb6
Rxb6 28. Rc1 Ne5 29. Bc4 Nxc4 30. g3 Nxd2 31. Rd1 Nf3+ 32. Kg2 Ne5 33. Re1 Ng6
34. Ra1 Ra6 35. Rb1 O-O 36. Rd1 a4 37. Ra1 a3 38. Rb1 a2 39. Ra1 Rb8 40. h3 Rb1
41. Rxb1 axb1=Q 42. f4 Qb3 43. g4 Ra2+ 44. Kh1 Qb1# 0-1

[Event "ODJM C 2018"]
[Site "Willingen GER"]
[Date "2018.05.26"]
[Round "9"]
[White "Margaryan, Venera"]
[Black "Trenkelbach, Cassian Karl"]
[Result "1-0"]
[Termination "normal"]
[Board "27"]
[WhiteElo "991"]
[BlackElo "1076"]
[PlyCount "43"]
[WhiteFideId "16266226"]
[BlackFideId "16266188"]
[EventCountry "GER"]
[EventRounds "9"]
[EventType "swiss"]
[EventDate "2018.05.19"]

1. e4 e5 2. Nf3 Nf6 3. Nc3 Nc6 4. Bb5 Bb4 5. a3 Bxc3 6. dxc3 Nxe4 7. O-O d6 8.
h3 a6 9. Ba4 b5 10. Bb3 O-O 11. Re1 Nc5 12. Bd5 Bb7 13. Bg5 Qd7 14. b4 Ne6 15.
Bh4 f6 16. Nd2 Kh8 17. Be4 d5 18. Bf5 Qf7 19. Qg4 g6 20. Bxe6 f5 21. Bxf7 fxg4
22. Bf6# 1-0

[Event "ODJM C 2018"]
[Site "Willingen GER"]
[Date "2018.05.26"]
[Round "9"]
[White "Grozea, Nicolae Theodor"]
[Black "Basovskiy, Michael"]
[Result "1-0"]
[Termination "normal"]
[Board "28"]
[WhiteElo "972"]
[BlackElo "937"]
[PlyCount "49"]
[WhiteFideId "16266234"]
[BlackFideId "16258754"]
[EventCountry "GER"]
[EventRounds "9"]
[EventType "swiss"]
[EventDate "2018.05.19"]

1. e4 c5 2. Nf3 e6 3. d4 cxd4 4. Nxd4 Nf6 5. Nc3 Nc6 6. Be3 Bb4 7. Nxc6 bxc6 8.
Bd2 Bxc3 9. Bxc3 Nxe4 10. Bd3 Nxc3 11. bxc3 Rb8 12. O-O O-O 13. Qh5 h6 14. Qh3
Qf6 15. Qg3 Qxc3 16. Bh7+ Kxh7 17. Qxc3 Ba6 18. Rfe1 Rfc8 19. Rab1 Rd8 20. h4
d5 21. h5 c5 22. Qg3 f5 23. Qg6+ Kg8 24. Rxe6 Bc4 25. Re7 1-0

[Event "ODJM C 2018"]
[Site "Willingen GER"]
[Date "2018.05.26"]
[Round "9"]
[White "Wagner, Xaver Korbinian"]
[Black "Ahrens, Malte"]
[Result "1-0"]
[Termination "normal"]
[Board "29"]
[WhiteElo "1127"]
[BlackElo "1046"]
[PlyCount "119"]
[BlackFideId "16266196"]
[EventCountry "GER"]
[EventRounds "9"]
[EventType "swiss"]
[EventDate "2018.05.19"]

1. e4 d5 2. exd5 Qxd5 3. Nc3 Qa5 4. Bc4 Nf6 5. Nf3 e5 6. Qe2 Bd6 7. d4 Bg4 8.
dxe5 Bxf3 9. Qxf3 Qxe5+ 10. Qe2 Qxe2+ 11. Nxe2 O-O 12. Bg5 Be7 13. Nf4 Re8 14.
O-O h6 15. Bxf6 Bxf6 16. Nd5 Bxb2 17. Rab1 b5 18. Rxb2 bxc4 19. Nxc7 Nc6 20.
Rb5 Rab8 21. Rc5 Re7 22. Rxc6 Rc8 23. Rxc4 Rexc7 24. Rxc7 Rxc7 25. Rc1 Rd7 26.
Kf1 Re7 27. c4 Rc7 28. Ke2 Kf8 29. Kf3 Ke7 30. Ke4 Kd6 31. Kd4 a5 32. c5+ Kc6
33. Rb1 Rd7+ 34. Kc4 Rb7 35. Rxb7 Kxb7 36. Kd5 Kc7 37. c6 a4 38. a3 f5 39. f4
g5 40. fxg5 hxg5 41. h3 Kb8 42. Ke5 Kc7 43. Kxf5 Kxc6 44. Kxg5 Kc5 45. h4 Kc4
46. h5 Kb3 47. h6 Kxa3 48. h7 Kb3 49. h8=Q a3 50. Qa1 a2 51. Kf5 Ka3 52. Ke4
Kb3 53. Kd4 Kb4 54. Qxa2 Kb5 55. Qc2 Kb6 56. Qc8 Kb5 57. Qb7+ Ka4 58. Qb6 Ka3
59. Kc3 Ka4 60. Qb4# 1-0